Statistics for Country Geography ranking - which one is second?

Click here to take the quiz!

General Stats

  • This quiz has been taken 19 times
  • The average score is 6 of 15

Answer Stats

QuestionAnswer% Correct
Which country is ranked second by number of borders?Democratic Republic of the Congo
78%
Which country is ranked second by population of capital city (metropolitan area)?France
67%
Which country is ranked second by area size (total land & inland water surface)?Italy
67%
Which country is ranked second by size of forested area?China
61%
Which country is ranked second by northernmost pointChina
56%
Which country is ranked second by distance to the equator from its southernmost point?Belarus
50%
Which country is ranked second by lowest point below sea level?USA
50%
Which country is ranked second by population size?Pakistan
44%
Which country is ranked second by number of islands?Indonesia
39%
Which country is ranked second by southernmost point?Angola
33%
Which country is ranked second by average annual rainfall?Papua New Guinea
28%
Which country is ranked second by total length of land bordersKazakhstan
22%
Which country is ranked second by highest elevation?Canada
17%
Which country is ranked second by length of coastline?Brazil
11%
Which country is ranked second by average elevation?Ethiopia
11%

Score Distribution

Percentile by Number Answered

Percent of People with Each Score

Your Score History

You have not taken this quiz